Požiadavky na rozvoj ekonomického vzdelávania a podnikateľských zručností na základe výsledkov empirického výskumu v odbornej kariére lekára

Najžiadanejšie okruhy zabezpečujúce ekonomické vzdelávanie a podnikateľské zručnosti u lekárov, vykonávajúcich odbornú kariéru na základe pracovno-právneho vzťahu.

Uložené v:
Podrobná bibliografia
Hlavný autor: Matulčíková, Marta, 1964-
Médium: Kapitola
Jazyk:Slovak
Predmet:
Tagy: Pridať tag
Žiadne tagy, Buďte prvý, kto otaguje tento záznam!

MARC

LEADER 00000naa$a2200000$$$4500
001 0205739
005 20240502073426.5
041 0 |a slo 
044 |a SK 
245 1 0 |a Požiadavky na rozvoj ekonomického vzdelávania a podnikateľských zručností na základe výsledkov empirického výskumu v odbornej kariére lekára  |c Marta Matulčíková 
520 |a Najžiadanejšie okruhy zabezpečujúce ekonomické vzdelávanie a podnikateľské zručnosti u lekárov, vykonávajúcich odbornú kariéru na základe pracovno-právneho vzťahu. 
610 2 0 |a zdroje ľudské 
610 2 0 |a potenciál ľudský 
610 2 0 |a vzťahy pracovnoprávne 
610 2 0 |a kariéra 
610 2 0 |a vzdelávanie ďalšie 
610 2 0 |a zručnosti 
610 2 0 |a lekári 
100 1 |a Matulčíková, Marta, 1964-